00310nam a2200097 4500008004100000100001700041245009800058260000900156300001300165773003400178190220b ||||| |||| 00| 0 eng d aKumar, Niraj aWe were, are, and will remain discriminated against:bstatus of transgender persons in Odisha c2018 ap.30-35. aEconomic and Political Weekly